Bundesländer nach Geburtenrate - Statistiken

Allgemein
  • Dieses Quiz wurde 39 mal gespielt
  • Das Durchschnittsergebnis liegt bei 8 aus 13
Antwortstatistiken
Kinder pro Frau Bundesland % Korrekt
1, 69 Brandenburg
91%
1, 68 Niedersachsen
78%
1, 56 Mecklenburg-Vorpommern / Bayern
75%
1, 63 Thüringen / Bremen
72%
1, 49 Saarland
69%
1, 54 Berlin
63%
1, 55 Hamburg
63%
1, 58 Hessen
63%
1, 66 Sachsen
63%
1, 62 Sachsen-Anhalt
53%
1, 6 Rheinland-Pfalz
50%
1, 61 Schleswig-Holstein / Nordrhein-Westfalen
50%
1, 59 Baden-Württemberg
44%
Keine übereinstimmenden Quizze gefunden
Verteilung der Resultate
Anzahl Personen mit jedem Resultat
Perzentil nach korrekt beantworteten Fragen
Ihre Resultats-Entwicklung
Sie haben dieses Quiz noch nicht gespielt